Normal view MARC view
  • Bernardo Carrasco, José

Entry Nombre Personal

Number of records used in: 9

001 - NUMERO DE CONTROL

  • campo de control: 37129

003 - IDENTIFICADOR DE NUMERO DE CONTROL

  • campo de control: DLC

005 - FECHA Y HORA DE LA ÜLTIMA TRANSACCIÓN

  • campo de control: 20220328132602.0

008 - DATOS DE LONGITUD FIJA

  • campo de control de longitud fija: 220328n| acannaabn |b aaa

010 ## - NÚMERO DE CONTROL DE LA BIBLIOTECA DEL CONGRESO

  • Número de control LC: n 80152753

035 ## - NUMERO DE CONTROL

  • Número de control: (OCoLC)oca00532740

040 ## - FUENTE DE CATALOGACIÓN

  • Agencia original de catalogación: DLC
  • Lenguaje de catalogación: spa
  • Agencia de transcripción: DLC
  • Agencia que lo modifica: OCoLC
  • Agencia que lo modifica: MX-MxUPN

100 1# - ENCABEZAMIENTO - NOMBRE PERSONAL

  • Nombre personal: Bernardo Carrasco, José

372 ## - CAMPO DE ACTIVIDAD

  • Field of activity: Docencia

372 ## - CAMPO DE ACTIVIDAD

  • Field of activity: Didáctica

372 ## - CAMPO DE ACTIVIDAD

  • Field of activity: Educación

373 ## - GRUPO ASOCIADO

  • Associated group: Escuela Universitaria de Fomento

374 ## - OCUPACIÓN

  • Occupation: Profesor universitario

377 ## - LENGUA ASOCIADA

  • Language code: spa

400 1# - VEÁSE - NOMBRE DE PERSONA

  • Personal name: Bernardo, José

400 1# - VEÁSE - NOMBRE DE PERSONA

  • Personal name: Carrasco, José Bernardo

670 ## - FUENTE EN LA QUE SE LOCALIZARON DATOS

  • Cita de la fuente: Author's La recuperación educativa, 1972.

670 ## - FUENTE EN LA QUE SE LOCALIZARON DATOS

  • Cita de la fuente: En su obra: Técnicas y recursos para el desarrollo de las clases:
  • Información localizada: portada (José Bernardo Carrasco) cubierta posterior (José Bernardo Carrasco, Maestro Nacional, Licenciado en Pedagogía y Doctor en Ciencias de la Educación, ha ejercido durante muchos años la docencia en diversos centros educativos. En la actualidad es Profesor de Didáctica en la Escuela Universitaria de Fomento. Ha colaborado en varias publicaciones de su especialidad, y es autor de un buen número de libros sobre temas educativos)